000
00155nam a22000857a 4500
082
_a
823
100
_a
THEO LESIENG
245
_a
IN A PEOPLE HOUSE
942
_c
BK
999
_c
8136
_d
8136